| 000 | 00615nam a2200205 u 4500 | ||
|---|---|---|---|
| 005 | 20231025063717.0 | ||
| 008 | 090220s2007 r 000 0 eng d | ||
| 020 | _a9788449319853 | ||
| 035 | _aUPN01000169654 | ||
| 049 | _aCG | ||
| 050 | 4 |
_aPN594 _bK4.3 |
|
| 100 | 1 | _aKelly, Stuart | |
| 245 | 1 | 3 |
_aLa biblioteca de los libros perdidos / _cStuart Kelly ; tr. Miguel Candel. |
| 260 |
_aBarcelona, Esp. : _bPaidós, _cc2007. |
||
| 300 | _a391 p. | ||
| 534 |
_pTítulo original: _tThe book of lost books |
||
| 650 | 4 |
_aLiteratura _xHistoria y crítica _95355 |
|
| 650 | 4 |
_aLibros _xHistoria _96939 |
|
| 905 | _aLibro | ||
| 999 |
_c141760 _d141760 |
||